000 00249nam a22001217a 4500
020 _a978-1-4454-2003-5
082 _a001
_bRAR/R
245 _aREMARKABLE PLACES
260 _aUK
_bPARRAGON
300 _a63
650 _aBEAUTY PLACES
_zUK
942 _cBK
999 _c6156
_d6156